000 00315nam a22001337a 4500
020 _a0-442-22114-2
082 _a658.404 PRO'C
100 _aKING, W.R ,CLELAND, D.H
_979820
245 _aPROJECT MANAGEMENT HANDBOOK
250 _a2ND
260 _aNEWYORK
_bVAN NOSTRAND
_c1988
300 _aX, 997P
942 _cBK
999 _c584812
_d584812